UBT Library

Treating substance abuse : (Record no. 42985)

000 -LEADER
fixed length control field 00825pam a2200241 a 4500
001 - CONTROL NUMBER
control field 1615978
005 - DATE AND TIME OF LATEST TRANSACTION
control field 20180221034151.0
008 - FIXED-LENGTH DATA ELEMENTS--GENERAL INFORMATION
fixed length control field 950809s1996 nyua b 001 0 eng c
010 ## - LIBRARY OF CONGRESS CONTROL NUMBER
LC control number 95025144
020 ## - INTERNATIONAL STANDARD BOOK NUMBER
International Standard Book Number 1572300256 (acidfree paper)
040 ## - CATALOGING SOURCE
Original cataloging agency DNLM/DLC
Transcribing agency DLC
Modifying agency DLC
041 ## - LANGUAGE CODE
Language code of text/sound track or separate title eng
060 10 - NATIONAL LIBRARY OF MEDICINE CALL NUMBER
Classification number WM 270 T7818 1995
080 ## - UNIVERSAL DECIMAL CLASSIFICATION NUMBER
Universal Decimal Classification number 616.8606 ROT
082 00 - DEWEY DECIMAL CLASSIFICATION NUMBER
Classification number 616.8606 ROT
Edition number 20
100 ## - Rafti
Rafti 4
101 ## - Shkurtesa
Shkurtesa SHM
245 00 - TITLE STATEMENT
Title Treating substance abuse :
Statement of responsibility, etc edited by Frederick Rotgers, Daniel S. Keller, Jon Morgenstern.
504 ## - BIBLIOGRAPHY, ETC. NOTE
Bibliography, etc Includes bibliographical references and index.
906 ## - LOCAL DATA ELEMENT F, LDF (RLIN)
a 7
b cbc
c orignew
d 1
e ocip
f 19
g y-gencatlg
942 ## - ADDED ENTRY ELEMENTS (KOHA)
Source of classification or shelving scheme
Item type Books
Holdings
Withdrawn status Lost status Source of classification or shelving scheme Damaged status Not for loan Collection code Permanent location Current location Shelving location Date acquired Total Checkouts Full call number Barcode Date last seen Price effective from Koha item type
          Koleksioni i përgjithshem UBT - Lipjan UBT - Lipjan Koleksioni i përgjithshem 02/21/2018   616.8606 ROT 002-2999939 02/21/2018 02/21/2018 Books
UBT Library © 2015-2024. All rights reserved University Education for Business and Technology